000 00353nam a2200133Ia 4500
008 240624s9999 xx 000 0 und d
041 _aeng
082 _a658.4012 GOP
100 _aGOPINATH C
245 _aSTRATEGIZE EXPERIENTIAL EXERCISES IN STR
250 _a(3rd ed.)
260 _c2005
_aAustralia
_bCengage Learning
300 _a172 : p. : cm. ; 24
999 _c22779
_d22779